01011nas a2200277Ia 4500001002800000003001000028008004100038040002500079041001300104100001900117210001800136222001800154245003100172250001100203260000900214501012300223300001400346362002700360500004900387650003900436700001100475942000700486957000600493999003300499952020100532A50/R024-27593 [r000021054]IT-MiCISF161014c99999999xx |||||||||||| ||und|| aIT-MiCISFcIT-MiCISF aITALIANO aBeffa Cristina aFamiglia oggi aFamiglia oggi 0aProgetto uomo resta valido a1a ed. c1998 bCISF - Centro Internazionale Studi Famiglia - Via Giotto, 36 20145 MILANO (non commercial uses only)cCopyright 2016 app. 54-55 an. 11, novembre [1998] a Tema: tossicodipendenza, famiglia, recupero aemarginazione devianzavintervista aAA.VV. cCR 71 a27593bSig1c227816d227816 0010406A_50_000000000000000_R02427593_R00002105471aCISFbCISFd2016-10-14l0oA50/R024-27593 [r000021054]r2016-10-14 00:00:00w2016-10-14yCRzData import 15.10.2016 / by Epidotti, Vaglietti